LEADER 01147nam0 22002531i 450 001 UON00018758 005 20231205102007.864 100 $a20020107d1979 |0itac50 ba 101 $afre 102 $aCN 105 $a|||| 1|||| 200 1 $aDiscours au rassemblement en l'honneur du 30e anniversaire de la République Populaire de Chine (29 septembre 1979)/ Ye Jianying 210 $aBeijing$cEditions en Langues Etrangères$d1980 89 p.$c18 cm 606 $aCINA$xPolitica e governo $xSec. 20.$3UONC000011$2FI 620 $aCN$dBeijing$3UONL000457 686 $aCIN V$cCINA - POLITOLOGIA$2A 700 1$aYE$bJianying$3UONV013219$0641528 712 $aForeign Languages Press$3UONV246351$4650 801 $aIT$bSOL$c20240220$gRICA 899 $aSIBA - SISTEMA BIBLIOTECARIO DI ATENEO$2UONSI 912 $aUON00018758 950 $aSIBA - SISTEMA BIBLIOTECARIO DI ATENEO$dSI MISC CIN V 020 $eSI SA 16279 5 020 996 $aDiscours au rassemblement en l'honneur du 30e anniversaire de la République Populaire de Chine (29 septembre 1979$91197704 997 $aUNIOR